[Event "6th Kurass Memorial"]
[Site "Kiev UKR"]
[Date "2005.06.24"]
[Round "4"]
[White "Ignatenko,Vl"]
[Black "Khliastikov,G"]
[Result "1-0"]
[WhiteElo "2118"]
[BlackElo "2068"]

1.d4 d5 2.c4 c6 3.Nc3 Nf6 4.Nf3 dxc4 5.a4 Bf5 6.e3 e6 7.Bxc4 Bb4 8.O-O O-O
9.Qe2 Ne4 10.Nxe4 Bxe4 11.Ne5 Nd7 12.f4 Nf6 13.Bd2 Be7 14.Bc3 a5 15.g4 Qc8
16.Bd3 Qc7 17.Bxe4 Nxe4 18.Qf3 Nd6 19.f5 Qc8 20.e4 Bg5 21.Rae1 Ra6 22.Re2 b5
23.b3 c5 24.fxe6 cxd4 25.exf7+ Nxf7 26.Nxf7 Rf6 27.Qxf6 Bxf6 28.e5 Rxf7 29.exf6 gxf6
30.Bxd4 Qxg4+ 31.Rg2 Qxg2+ 32.Kxg2 bxa4 33.bxa4 Kg7 34.Rf5 Rd7 35.Bxf6+ Kg6
36.Rf2 Rd3 37.Be7 Rd4 38.Ra2 Kf5 39.Bc5 Rd5 40.Bb6 h5 41.Rb2 Kg4 42.Rb5 Rd2+
43.Bf2 Rd3 44.Rxa5 h4 45.h3+ Kf4 46.Bxh4 Ra3 47.Bf2 Ra2 48.Ra8 Ke4 49.a5 Kd5
50.a6 Kc6 51.a7  1-0

[Event "2nd RUS Pupils Summer Boys"]
[Site "Satka RUS"]
[Date "2005.06.29"]
[Round "3"]
[White "Trofimov,SP"]
[Black "Reshetnikov,A"]
[Result "1-0"]
[WhiteElo "2410"]
[BlackElo "2355"]

1.d4 d5 2.c4 c6 3.Nf3 Nf6 4.Nc3 dxc4 5.a4 Bf5 6.Ne5 Nbd7 7.Nxc4 Qc7 8.g3 e5
9.dxe5 Nxe5 10.Bf4 Nfd7 11.Bg2 g5 12.Ne3 gxf4 13.Nxf5 fxg3 14.hxg3 O-O-O
15.Qc2 Bb4 16.O-O h5 17.Na2 Bf8 18.b4 Ng6 19.b5 cxb5 20.Qb1 Qe5 21.Rc1+ Kb8
22.Nb4 a5 23.Nc6+ bxc6 24.axb5 Nb6 25.Rxa5 Rc8 26.Ra6 Bc5 27.bxc6 Kc7 28.Ra7+ Kd8
29.Qd3+ Ke8 30.Rxc5 Qxc5 31.Nd6+  1-0

[Event "2nd CHN-FRA Match"]
[Site "Shenzheng CHN"]
[Date "2005.06.30"]
[Round "3"]
[White "Zhou Jianchao"]
[Black "Fontaine,R"]
[Result "1/2-1/2"]
[WhiteElo "2473"]
[BlackElo "2539"]

1.d4 d5 2.c4 c6 3.Nc3 Nf6 4.Nf3 dxc4 5.a4 Bf5 6.e3 e6 7.Bxc4 Bb4 8.O-O Nbd7
9.Nh4 Bg6 10.Qb3 Qb6 11.h3 a5 12.Rd1 Bh5 13.g4 Bg6 14.Bf1 O-O 15.Nxg6 hxg6
16.Bg2 Rad8 17.Na2 Be7 18.Qxb6 Nxb6 19.b3 Rd7 20.Bd2 Ra8 21.Kf1 g5 22.Nc1 Nbd5
23.Nd3 Nb4 24.Bxb4 axb4 25.Rdc1 Ra5 26.Ne5 Rc7 27.Nc4 Ra6 28.Ke2 Nd5 29.Bxd5 exd5
30.Nb2 Ra5 31.Nd3 Bd6 32.Rc2 f6 33.Rh1 Kf7 34.h4 gxh4 35.Rxh4 Ra8 36.Rh1 b6
37.Rhc1 Rac8 38.Kf3 Ke6 39.e4 dxe4+ 40.Kxe4 g6 41.Rc4 f5+ 42.gxf5+ gxf5+
43.Kf3 c5 44.dxc5 bxc5 45.Rh1 Kd5 46.Rd1 Ke6 47.Rh1 Kd5 48.Rh6 Rf8 49.Nf4+ Bxf4
50.Kxf4 Re7 51.f3 Re1 52.Rh7 Rf6 53.Rb7 Rd1 54.Rc2 Rd3 55.Rc7 Rc6 56.Rd7+ Rd6
57.Rc7 Rc3 58.Re2 Rxb3 59.Re5+ Kd4 60.Rexc5 Rc3 61.Rxc3 bxc3 62.a5 Kd3 63.Kxf5 Rd5+
64.Ke6 Rxa5 65.f4 Ra4 66.f5 Re4+ 67.Kd5 Rd4+ 68.Ke6 Re4+  1/2-1/2

[Event "ch-SWE"]
[Site "Goeteborg SWE"]
[Date "2005.07.04"]
[Round "3"]
[White "Lindberg,Bo"]
[Black "Cramling,P"]
[Result "1/2-1/2"]
[WhiteElo "2359"]
[BlackElo "2494"]

1.d4 d5 2.Nf3 Nf6 3.c4 c6 4.Nc3 dxc4 5.a4 Bf5 6.Ne5 Na6 7.e3 Nb4 8.Bxc4 e6
9.O-O Bd6 10.Qe2 Nc2 11.Rb1 Bxe5 12.dxe5 Ng4 13.Ne4 Bxe4 14.Qxg4 Bg6 15.b4 Qc7
16.Qf4 O-O 17.Rb2 a5 18.bxa5 Rxa5 19.Bb3 Rc5 20.Bxc2 Rxc2 21.Rxc2 Bxc2 22.Qc4 Bg6
23.Ba3 Ra8 24.Bd6 Qa5 25.Ra1 b5 26.Qxc6 bxa4 27.e4 h5 28.Bb4 Qa7 29.Bc5 Qa5
30.Bb4 Qd8 31.Be7 Qe8 32.Qxe8+ Rxe8 33.Bd6 Ra8 34.f3 f5 35.exf6 gxf6 36.Kf2 Be8
37.Ke3 Rc8 38.Rb1 e5 39.f4 exf4+ 40.Kxf4 Bg6 41.Rb8 Rxb8 42.Bxb8 a3 43.Ba7 a2
44.Bd4 Kf7  1/2-1/2

[Event "ch-SWE"]
[Site "Goeteborg SWE"]
[Date "2005.07.05"]
[Round "4"]
[White "Cramling,P"]
[Black "Berg,E"]
[Result "1-0"]
[WhiteElo "2494"]
[BlackElo "2539"]

1.Nf3 Nf6 2.c4 c6 3.d4 d5 4.Nc3 dxc4 5.a4 Bf5 6.Nh4 e6 7.Nxf5 exf5 8.e3 Bb4
9.Bxc4 O-O 10.Qc2 g6 11.O-O Nbd7 12.Ba2 Rc8 13.f3 c5 14.Qf2 Qe7 15.Bd2 Rfe8
16.Rfe1 a6 17.Kh1 Qd6 18.Rad1 Nb6 19.Qh4 cxd4 20.exd4 Rxe1+ 21.Rxe1 Nh5 22.Bh6 Ng7
23.Re5 a5 24.h3 Qd8 25.Bg5 Qd7 26.Rb5 Bxc3 27.bxc3 Nxa4 28.Rd5 Qc6 29.Bd2 Ne6
30.Qf6 Nxc3 31.Rc5 Qxc5 32.Bxe6 Qf8 33.Bxc8 Nd5 34.Qe5 Qxc8 35.Bh6  1-0

[Event "Open A"]
[Site "Klatovy CZE"]
[Date "2005.07.05"]
[Round "4"]
[White "Vedral,O"]
[Black "Stross,F"]
[Result "1/2-1/2"]
[WhiteElo "2252"]
[BlackElo "2272"]

1.d4 d5 2.Nf3 Nf6 3.c4 c6 4.Nc3 dxc4 5.a4 Bf5 6.Ne5 Nbd7 7.Nxc4 Qc7 8.f3 e5
9.e4 exd4 10.Qxd4 Bc5 11.Qd2 O-O-O 12.Qf4 Be6 13.Qxc7+ Kxc7 14.Bf4+ Kc8 15.Nd6+ Bxd6
16.Bxd6 Nb6 17.Bf4 Nc4 18.Bxc4 Bxc4 19.Kf2  1/2-1/2

[Event "ch-SWE"]
[Site "Goeteborg SWE"]
[Date "2005.07.08"]
[Round "7"]
[White "Tikkanen,H"]
[Black "Cramling,P"]
[Result "1/2-1/2"]
[WhiteElo "2316"]
[BlackElo "2494"]

1.d4 d5 2.c4 c6 3.Nf3 Nf6 4.Nc3 dxc4 5.a4 Bf5 6.Ne5 Nbd7 7.Nxc4 Nb6 8.Ne5 a5
9.g3 e6 10.Bg2 Bb4 11.O-O O-O 12.e3 h6 13.Qe2 Bh7 14.Nd3 Bxd3 15.Qxd3 e5
16.Rd1 exd4 17.exd4 Re8 18.Bd2 Qd7 19.Qf3 Nc4 20.Bc1 Rad8 21.Bf1 Nd6 22.Bd3 Qe6
23.Bf4 Nde4 24.Bc2 Ng5 25.Bxg5 hxg5 26.Rd3 g4 27.Qf4 Qd6 28.Qg5 Qe6 29.Rad1 Bxc3
30.Rxc3 Nd5 31.Bb3 Qe2 32.Rcd3 Qxb2 33.Qxg4 Qe2 34.Qxe2 Rxe2 35.Bxd5 Rxd5
36.Rb1 Re7 37.Kf1 b5 38.Rc3 Re6 39.axb5 cxb5 40.Rc8+ Kh7 41.Ra8 b4 42.Ra1 Rxd4
43.R8xa5 Rd2 44.R5a2 Rxa2 45.Rxa2 Kg6 46.Rb2 Rb6 47.Ke2 Kf5 48.Kd3 Kg4 49.Ke3 b3
50.f3+ Kh3 51.Ke4 Rb5 52.Kd4 Rb6 53.Ke4 Re6+ 54.Kd4 g6 55.Kd3 Rb6 56.Kd4 Rb5
57.Ke4 g5 58.g4 f6 59.Ke3 Rb4 60.Kd3 Rf4 61.Ke3 Rb4 62.Kd3 Ra4 63.Ke3 Rc4
64.Kd3 Rb4 65.Ke3 Rb8 66.Ke4 Rb5 67.Ke3 Re5+ 68.Kd3 f5 69.Kd4 Rb5 70.gxf5 Rxf5
71.Rxb3 Kxh2 72.Ke3 Kg2 73.Ke2 Re5+ 74.Re3 Ra5 75.Rb3 Kg3 76.Rc3 Rd5 77.Ra3 Kg2
78.Ra4 Kh3  1/2-1/2

[Event "Open"]
[Site "Condom FRA"]
[Date "2005.07.10"]
[Round "3"]
[White "Marciniak,G"]
[Black "Morel,J"]
[Result "1-0"]
[WhiteElo "2154"]
[BlackElo "2040"]

1.d4 d5 2.Nf3 Nf6 3.c4 c6 4.Nc3 dxc4 5.a4 Bf5 6.Ne5 e6 7.f3 h6 8.e4 Bh7 9.Bxc4 Nbd7
10.Qb3 Nxe5 11.dxe5 Nd7 12.Bf4 Nc5 13.Qc2 Qb6 14.Be3 Rd8 15.O-O Be7 16.Nb5 O-O
17.a5 Nxe4 18.axb6 Nd2 19.Qxd2 Rxd2 20.Bxd2 cxb5 21.bxa7 Ra8 22.Bxb5  1-0

[Event "16th Open"]
[Site "Ljubljana SLO"]
[Date "2005.07.12"]
[Round "6"]
[White "Jakovljevic,Vlado"]
[Black "Crepan,M"]
[Result "1-0"]
[WhiteElo "2402"]
[BlackElo "2288"]

1.Nf3 d5 2.d4 Nf6 3.c4 c6 4.Nc3 dxc4 5.a4 Bf5 6.Ne5 Nbd7 7.Nxc4 Qc7 8.g3 e5
9.dxe5 Nxe5 10.Bf4 Nfd7 11.Bg2 Be6 12.Nxe5 Nxe5 13.Qd4 f6 14.a5 a6 15.Ne4 Rd8
16.Qc3 h6 17.O-O Rd5 18.b4 Rb5 19.Rab1 Be7 20.Rfc1 O-O 21.Be3 Bd5 22.Nc5 Bxg2
23.Kxg2 Qc8 24.Rd1 Re8 25.Rb2 Qg4 26.Bd4 Bxc5 27.Bxc5 Ng6 28.Rd4 Qf5 29.Qc4+ Kh7
30.Qd3 Qh5 31.Rd2 f5 32.f4 Ne7 33.e4 Qg6 34.Rd6 Qf7 35.Rd7 Qe6 36.exf5 Nxf5
37.g4 Rf8 38.Bxf8  1-0

[Event "ch-Paris Open"]
[Site "Paris FRA"]
[Date "2005.07.12"]
[Round "4"]
[White "Shchekachev,A"]
[Black "Marzolo,C"]
[Result "1/2-1/2"]
[WhiteElo "2570"]
[BlackElo "2388"]

1.Nf3 Nf6 2.c4 c6 3.d4 d5 4.Nc3 dxc4 5.a4 Bf5 6.e3 e6 7.Bxc4 Bb4 8.O-O Nbd7
9.Qe2 Bg6 10.e4 O-O 11.Bd3 h6 12.Bf4 Rc8 13.Rfd1 Qa5 14.h3 Rfe8 15.Rac1 a6
16.Nd2 b5 17.Nb3 Qd8 18.axb5 cxb5 19.e5 Bxc3 20.bxc3 Nd5 21.Bd2 Bxd3 22.Qxd3 Qc7  1/2-1/2

[Event "16th Open"]
[Site "Ljubljana SLO"]
[Date "2005.07.14"]
[Round "8"]
[White "Jankovic,A"]
[Black "Crepan,M"]
[Result "0-1"]
[WhiteElo "2475"]
[BlackElo "2288"]

1.d4 d5 2.c4 c6 3.Nf3 Nf6 4.Nc3 dxc4 5.a4 Bf5 6.Nh4 Bc8 7.e3 e6 8.Bxc4 Bb4
9.Nf3 Nbd7 10.O-O Qe7 11.Qb3 a5 12.e4 O-O 13.e5 Nd5 14.Nxd5 exd5 15.Bd3 Re8
16.Nh4 Nf8 17.f4 c5 18.Qxd5 Rd8 19.Qf3 Rxd4 20.Be4 Qc7 21.g3 Bh3 22.Rf2 Qd7
23.Be3 Bg4 24.Qg2 Bh3 25.Qf3 Bg4 26.Qh1 Bd2 27.Bf5 Bxe3 28.Bxd7 Bxd7 29.Qxb7 Rd8
30.Re1 Bxf2+ 31.Kxf2 Rb4 32.Qc7 Ne6 33.Qxa5 Rxa4 34.Qc3 Bb5 35.f5 Ng5 36.Qc2 Rad4
37.Nf3 Nxf3 38.Kxf3 c4 39.Qc1 h6 40.Kf2 Rd2+ 41.Kg1 Bc6 42.Qxc4 Rg2+ 43.Kf1 Rdd2
44.Re3 Rdf2+ 45.Ke1 Rxb2 46.Kf1 Rbf2+ 47.Ke1 Rc2 48.Qxc2 Rxc2 49.h4  0-1

[Event "ch-Paris Open"]
[Site "Paris FRA"]
[Date "2005.07.14"]
[Round "6"]
[White "Shchekachev,A"]
[Black "Sriram,J"]
[Result "1/2-1/2"]
[WhiteElo "2570"]
[BlackElo "2437"]

1.Nf3 d5 2.d4 Nf6 3.c4 c6 4.Nc3 dxc4 5.a4 Bf5 6.e3 e6 7.Bxc4 Bb4 8.O-O Nbd7
9.Qe2 O-O 10.e4 Bg4 11.Rd1 Qe7 12.h3 Bh5 13.g4 Bg6 14.Nh4 e5 15.Nxg6 hxg6
16.d5 a5 17.Bg5 Rfd8 18.Rac1 Nc5 19.h4 Rd7 20.dxc6 bxc6 21.h5 gxh5 22.gxh5 Rad8
23.Rxd7 Rxd7 24.f3 Ne6 25.Bxe6 Qxe6 26.h6 Nh7 27.Be3 gxh6 28.Qg2+ Kh8 29.Kf2 Bf8
30.Ne2 f6 31.Qg4 Qxg4 32.fxg4 Rb7 33.Rxc6 Rxb2 34.Rc8 Kg7 35.Kf3 Rb3 36.Ng3 Ng5+
37.Ke2 Rb2+ 38.Kd3 Rb3+ 39.Kc2 Rb7 40.Nh5+ Kf7 41.Nxf6 Kxf6 42.Rxf8+ Kg7
43.Ra8 Rb4 44.Rxa5 Rxe4 45.Ra7+ Nf7 46.Bxh6+  1/2-1/2

[Event "Viking GM"]
[Site "St Petersburg RUS"]
[Date "2005.07.15"]
[Round "9"]
[White "Brodsky,M"]
[Black "Deviatkin,A"]
[Result "1-0"]
[WhiteElo "2554"]
[BlackElo "2521"]

1.d4 d5 2.c4 c6 3.Nc3 Nf6 4.Nf3 dxc4 5.a4 Bf5 6.Ne5 e6 7.f3 Bb4 8.e4 Bxe4
9.fxe4 Nxe4 10.Bd2 Qxd4 11.Nxe4 Qxe4+ 12.Qe2 Bxd2+ 13.Kxd2 Qd5+ 14.Kc2 Na6
15.Nxc4 b5 16.axb5 Nb4+ 17.Kb3 Qc5 18.bxc6 Nxc6 19.Qe3 Qb4+ 20.Kc2 O-O 21.Be2 Qb5
22.Kb1 Rfd8 23.Rf1 Qd5 24.Qf3 Nd4 25.Qxf7+ Kh8 26.Bd3 Nb3 27.Rf3 Qc5 28.Ra3 Qb4
29.Re3 Rxd3 30.Rxd3 Qe1+ 31.Kc2 Qe2+ 32.Kc3 Nc5 33.Qf3 Ne4+ 34.Kb3 Rb8+ 35.Ka2  1-0

[Event "Politiken Cup"]
[Site "Copenhagen DEN"]
[Date "2005.07.16"]
[Round "1"]
[White "Thomassen,J"]
[Black "Cech,P"]
[Result "0-1"]
[WhiteElo "1984"]
[BlackElo "2416"]

1.d4 d5 2.Nf3 Nf6 3.c4 c6 4.Nc3 dxc4 5.a4 Bf5 6.e3 e6 7.Bxc4 Bb4 8.O-O O-O
9.Qb3 Qe7 10.h3 h6 11.Rd1 a5 12.Bd2 Nbd7 13.Rac1 e5 14.dxe5 Nxe5 15.Nxe5 Qxe5
16.e4 Bg6 17.f4 Qd4+ 18.Kh1 Qf2 19.Be1 Qxf4 20.Ne2 Qxe4 21.Bxb4 axb4 22.Qxb4 Nd5
23.Qb3 Ne3 24.Rg1 Nxc4 25.Ng3 Na5  0-1

[Event "ch-Paris Open"]
[Site "Paris FRA"]
[Date "2005.07.16"]
[Round "8"]
[White "Moradiabadi,E"]
[Black "Malakhatko,V"]
[Result "1/2-1/2"]
[WhiteElo "2485"]
[BlackElo "2556"]

1.d4 d5 2.c4 c6 3.Nf3 Nf6 4.Nc3 dxc4 5.a4 Bf5 6.e3 e6 7.Bxc4 Bb4 8.O-O Nbd7
9.Qe2 Bg6 10.e4 O-O 11.Bd3 Bh5 12.e5 Nd5 13.Nxd5 cxd5 14.Qe3 Be7 15.Bd2 Nb8
16.a5 a6 17.Ne1 Bg6 18.f4 Nc6 19.Bxg6 hxg6 20.Nd3  1/2-1/2

[Event "Open"]
[Site "Ghent BEL"]
[Date "2005.07.17"]
[Round "3"]
[White "Vanparys,P"]
[Black "Van der Stricht,G"]
[Result "0-1"]
[WhiteElo "2205"]
[BlackElo "2400"]

1.d4 Nf6 2.Nf3 d5 3.c4 c6 4.Nc3 dxc4 5.a4 Bf5 6.Ne5 Nbd7 7.Nxc4 Nb6 8.e3 e6
9.Bd3 Nxc4 10.Bxc4 Bb4 11.O-O O-O 12.Qb3 Qe7 13.f3 Bg6 14.e4 Rad8 15.Be3 c5
16.Na2 cxd4 17.Qxb4 Qxb4 18.Nxb4 dxe3 19.Nd3 Rd4 20.Rac1 Nd7 21.a5 Rc8 22.Bb5 Rd8
23.Rc3 Nf8 24.b3 f5 25.Nc5 b6 26.Nb7 Rb8 27.a6 f4 28.Rc7 Be8 29.Bc4 Rd7 30.Rxd7 Bxd7
31.Rd1 Kf7 32.e5 Ke7 33.Rd4 g5 34.h4 h6 35.Nd6 Ng6 36.hxg5 hxg5 37.Ne4 Nxe5
38.Nxg5 Rg8  0-1

[Event "Open"]
[Site "Ghent BEL"]
[Date "2005.07.19"]
[Round "7"]
[White "Groffen,H"]
[Black "Van Wessel,R"]
[Result "0-1"]
[WhiteElo "2210"]
[BlackElo "2327"]

1.d4 d5 2.c4 c6 3.Nf3 Nf6 4.Nc3 dxc4 5.a4 Bf5 6.Nh4 Bc8 7.Nf3 Bf5 8.Nh4 e6
9.Nxf5 exf5 10.e3 Bd6 11.Bxc4 O-O 12.h3 Nbd7 13.O-O Qe7 14.Qc2 g6 15.f3 c5
16.Bd2 Rac8 17.Bb3 Bb8 18.Qd3 Rfd8 19.Ba2 cxd4 20.exd4 Qd6 21.Ne2 Nc5 22.Qa3 Qh2+
23.Kf2 Nce4+ 24.fxe4 Nxe4+ 25.Ke1 Qxg2 26.Bf4 Bxf4 27.Rxf4 Rc2 28.Bxf7+ Kh8
29.Qd3 Rxe2+ 30.Qxe2 Qg3+ 31.Rf2 Rxd4 32.Qf3 Qd6 33.Re2 Rd3 34.Qg2 Qb4+ 35.Kf1 Ng3+
36.Kg1 Nxe2+ 37.Qxe2 Qd4+ 38.Kh1 Rxh3+ 39.Kg2 Re3  0-1

[Event "Open"]
[Site "Ghent BEL"]
[Date "2005.07.19"]
[Round "8"]
[White "Van Kooten,L"]
[Black "Van Wessel,R"]
[Result "1/2-1/2"]
[WhiteElo "2275"]
[BlackElo "2327"]

1.d4 d5 2.c4 c6 3.Nf3 Nf6 4.Nc3 dxc4 5.a4 Bf5 6.Ne5 Nbd7 7.Nxc4 Nb6 8.Ne5 a5
9.f3 e6 10.e4 Bg6 11.Be3 Bb4 12.Be2 Nfd7 13.Nxg6 hxg6 14.O-O Qe7 15.g3 O-O
16.Rc1 Rfd8 17.Qb3 c5 18.dxc5 Nxc5 19.Qc2 Rac8  1/2-1/2

[Event "Politiken Cup"]
[Site "Copenhagen DEN"]
[Date "2005.07.20"]
[Round "6"]
[White "Romsdal,T"]
[Black "Kargin,A"]
[Result "0-1"]
[WhiteElo "2204"]
[BlackElo "2408"]

1.d4 d5 2.Nf3 Nf6 3.c4 c6 4.Nc3 dxc4 5.a4 Bf5 6.e3 e6 7.Bxc4 Bb4 8.O-O O-O
9.Qe2 Nbd7 10.e4 Bg6 11.e5 Nd5 12.Ne4 h6 13.Bd3 Be7 14.Rd1 Rc8 15.a5 a6 16.Ra4 c5
17.dxc5 Nxc5 18.Nxc5 Bxc5 19.Rg4 Qe8 20.Nh4 Ne7 21.b4 Bxd3 22.Qxd3 Rd8 23.Qe2 Rxd1+
24.Qxd1 Qd8 25.Qe1 h5 26.Rc4 Ba7 27.Qe2 Qd5 28.Nf3 Nc6 29.Bg5 Bb8 30.Kf1 Ba7
31.h4 Rb8 32.Kg1 b6 33.axb6 Bxb6 34.Qc2 Nxe5 35.Rc8+ Rxc8 36.Qxc8+ Kh7 37.Qxa6 Qd1+
38.Kh2 Ng4+ 39.Kh3 Nxf2+ 40.Kg3 Qd6+  0-1

[Event "Open A"]
[Site "Pardubice CZE"]
[Date "2005.07.22"]
[Round "1"]
[White "Haba,P"]
[Black "Holmsgaard,H"]
[Result "1/2-1/2"]
[WhiteElo "2526"]
[BlackElo "2316"]

1.d4 d5 2.c4 c6 3.Nf3 Nf6 4.Nc3 dxc4 5.a4 Bf5 6.Ne5 Nbd7 7.Nxc4 Nb6 8.Ne5 a5
9.g3 Nfd7 10.Nxd7 Nxd7 11.Bg2 e6 12.O-O Bb4 13.e4 Bg6 14.f4 f6 15.f5 exf5
16.exf5 Bf7 17.Qg4 Kf8 18.Be3 Nb6 19.d5 Nxd5 20.Nxd5 cxd5 21.Rac1 h6 22.Bf4 Rc8
23.Rxc8 Qxc8 24.Rc1 Bc5+ 25.Kh1 Qe8 26.Qd1 b6 27.Bxd5 Kg8 28.Bxf7+ Qxf7 29.Qf3 Kh7
30.Rd1 Re8 31.b3 Re7 32.Kg2 Qe8 33.Kh3 Re2 34.Rd2 Rxd2 35.Bxd2 Qd7 36.Bc1 Qd4
37.Bf4 Qg1 38.Qg4 Qd4 39.Kh4 Qb2 40.Qg6+ Kh8 41.Qe8+ Kh7 42.Qg6+ Kh8 43.Qe8+ Kh7
44.Qg6+  1/2-1/2

[Event "Open A"]
[Site "Pardubice CZE"]
[Date "2005.07.23"]
[Round "2"]
[White "Potapov,Alexa1"]
[Black "Pokorny,P"]
[Result "1-0"]
[WhiteElo "2530"]
[BlackElo "2251"]

1.d4 d5 2.c4 c6 3.Nc3 dxc4 4.a4 Nf6 5.Nf3 Bf5 6.Ne5 Nbd7 7.Nxc4 Qc7 8.g3 e5
9.dxe5 Nxe5 10.Bf4 Nfd7 11.Bg2 g5 12.Ne3 gxf4 13.Nxf5 O-O-O 14.Qc2 Nc5 15.O-O Ne6
16.Qe4 fxg3 17.hxg3 a5 18.Nb5 Nc5 19.Nfd6+ Bxd6 20.Qf5+ Qd7 21.Nxd6+ Kb8
22.Qxe5 Qxd6 23.Qh5 f6 24.Rac1 b6 25.Rc4 Qe6 26.Rxc5 bxc5 27.Qxc5 Rd6 28.Qb6+ Kc8
29.Rc1  1-0

[Event "Open A"]
[Site "Pardubice CZE"]
[Date "2005.07.25"]
[Round "4"]
[White "Studnicka,T"]
[Black "Radovic,S"]
[Result "1-0"]
[WhiteElo "2310"]
[BlackElo "2224"]

1.d4 d5 2.c4 c6 3.Nf3 Nf6 4.Nc3 dxc4 5.a4 Bf5 6.e3 e6 7.Bxc4 Bb4 8.O-O Nbd7
9.Nh4 O-O 10.Nxf5 exf5 11.Qc2 Nb6 12.Bd3 g6 13.Na2 Bd6 14.h3 Nbd5 15.Bd2 a5
16.Rfe1 Re8 17.Rad1 Qb6 18.Bc4 Re7 19.Nc3 Nb4 20.Qb3 Kg7 21.Rc1 Qd8 22.Red1 Bc7
23.Be1 Qd6 24.g3 g5 25.d5 f4 26.dxc6 Qxc6 27.exf4 gxf4 28.Nd5 Nbxd5 29.Bxd5 Qb6
30.g4 Rae8 31.Bc3 Qxb3 32.Bxb3 Be5 33.Bxa5 Bxb2 34.Rc4 Re5 35.Bc7 Re4 36.Rc2 Bd4
37.Kg2 Ba7 38.a5 Re2 39.g5 Nh5 40.Rdd2 R2e7 41.Bd6 Re1 42.Rc7 R8e2 43.Bxf7 Rxd2
44.Bxh5+ Kh8 45.Rc8+ Kg7 46.Bf8+  1-0

[Event "MTO Open"]
[Site "Biel SUI"]
[Date "2005.07.26"]
[Round "8"]
[White "Bocharov,D"]
[Black "Sriram,J"]
[Result "1/2-1/2"]
[WhiteElo "2574"]
[BlackElo "2437"]

1.d4 d5 2.c4 c6 3.Nf3 Nf6 4.Nc3 dxc4 5.a4 Bf5 6.Nh4 Bd7 7.e3 e6 8.Bxc4 c5
9.O-O Nc6 10.Nf3 Be7 11.Qe2 cxd4 12.exd4 O-O 13.Bg5 Nb4 14.Ne5 Bc6 15.Rfd1 Nfd5
16.Bd2 a5 17.Rac1 Bg5 18.Bb3 Nf4 19.Qe3 h6 20.Qg3 Qxd4 21.Qe3 Nh3+ 22.Qxh3 Qxe5
23.Bxg5 Qxg5 24.Bc4 Rad8 25.Bb5 Rxd1+ 26.Rxd1 Rd8 27.Rxd8+ Qxd8 28.Bxc6 bxc6
29.Qe3 Qd3 30.Qc1 Qd4 31.h3 Kf8 32.Ne2 Qe5 33.Qd2 Qd5 34.Qc1 e5 35.Nc3 Qd4
36.Ne2 Qd5 37.Nc3 Qc5 38.Qd2 Qd4 39.Qe2 Nd3 40.Qf3 Kg8 41.Qf5 g6 42.Qf6 c5
43.Nb5 Qc4 44.Nd6 Qc1+ 45.Kh2 Qf4+ 46.Qxf4 exf4 47.Nc4 Kf8 48.Kg1 Ke7 49.Kf1 Ke6
50.Ke2 Ne5 51.Nxa5 Kd5 52.Kd2 g5 53.Kc3 g4 54.hxg4 Nxg4 55.f3 Ne3 56.Nb7 Nxg2
57.Nd8 Ne3 58.b3 f6 59.a5 Nf5 60.a6 Nd6 61.Nf7 Nb5+ 62.Kd3 h5 63.Nh8 Kc6
64.Ng6 Nd4 65.Nxf4 h4 66.b4 Nb5 67.bxc5 Kxc5 68.a7 Nxa7 69.Ke4 Nb5 70.Kf5 Nd4+
71.Kxf6 Nxf3 72.Kf5 Kd4 73.Kg4 Ke4 74.Ng2 Ne5+ 75.Kxh4  1/2-1/2

[Event "Open A"]
[Site "Pardubice CZE"]
[Date "2005.07.29"]
[Round "8"]
[White "Zude,E"]
[Black "Sundararajan,K"]
[Result "0-1"]
[WhiteElo "2424"]
[BlackElo "2484"]

1.d4 d5 2.c4 c6 3.Nc3 Nf6 4.Nf3 dxc4 5.a4 Bf5 6.Ne5 Nbd7 7.Nxc4 Qc7 8.g3 e5
9.dxe5 Nxe5 10.Bf4 Nfd7 11.Bg2 f6 12.O-O Nc5 13.Ne3 Bg6 14.b4 Ne6 15.b5 Rd8
16.Qb3 Nd4 17.Qb2 Bc5 18.Ne4 Bxe4 19.Bxe4 g5 20.Rac1 gxf4 21.Nf5 Nxf5 22.Rxc5 Nd4
23.gxf4 Rg8+ 24.Kh1 Qe7 25.fxe5 Qxc5 26.exf6 Qe5 27.f3 Rg5 28.bxc6 Rh5 29.e3 Nxc6
30.Qg2 Qxf6 31.f4 Rc5 32.Qh3 Rd7 33.Bxh7 Kd8 34.e4 Rc3 35.Qg2 Rg7 36.Rd1+ Kc7
37.Qd2 Rxh7  0-1

[Event "It"]
[Site "Charleroi BEL"]
[Date "2005.08.01"]
[Round "4"]
[White "Brunner,N"]
[Black "Cappon,J"]
[Result "1-0"]
[WhiteElo "2386"]
[BlackElo "2216"]

1.d4 d5 2.c4 c6 3.Nf3 Nf6 4.Nc3 dxc4 5.a4 Bf5 6.e3 e6 7.Bxc4 Bb4 8.O-O O-O
9.Qe2 Bg6 10.Ne5 Nbd7 11.Nxg6 hxg6 12.Na2 Bd6 13.e4 e5 14.f4 Qb6 15.Kh1 exd4
16.e5 Rae8 17.Qc2 Bxe5 18.fxe5 Nxe5 19.Bf4 Nxc4 20.Qxc4 Ne4 21.a5 Qd8 22.Rad1 c5
23.Nc3 b6 24.Nxe4 Rxe4 25.b4 Qe7 26.bxc5 Qxc5 27.Qxc5 bxc5 28.Rc1 Rc8 29.Rc4 Re2
30.h3 Ra2 31.Rd1 Rxa5 32.Rdxd4 cxd4 33.Rxc8+ Kh7 34.Rd8 f6 35.Rxd4 g5 36.Bd2 Ra2
37.Kg1 Kg6 38.Kf2 a6 39.Ke2 Kf7 40.Rd5 Ke6 41.Ra5 Rb2 42.Rxa6+ Kf7 43.Ra7+ Kg6
44.Rd7 Ra2 45.Kf3 Ra8 46.Bb4 Rb8 47.Be7 Rc8 48.Ke4 Ra8 49.Rb7 Ra4+ 50.Bb4 Ra8
51.Kf3 Rc8 52.Bd2 Ra8 53.Be3 Rc8 54.Rd7 Ra8 55.Rd6 Re8 56.g3 Ra8 57.Kg4 Ra4+
58.Bd4 Ra3 59.h4 gxh4 60.gxh4 Ra4 61.Rd5 Kf7 62.Kf5 Ra2 63.Rd7+ Kg8 64.Be3 Kh7
65.h5 Ra5+ 66.Kg4 Kg8 67.Rc7 Rb5 68.Bc5 Rb2 69.Bd6 Rd2 70.Bf4 Rd5 71.Rb7 Ra5
72.Be3 Re5 73.Bd2 Rd5 74.Bf4 Ra5 75.Rb6 Kf7 76.Rb8 Rd5 77.Rc8 Ra5 78.Be3 Re5
79.Rc3 Ra5 80.Bf4 Rd5 81.Rc7+ Kg8 82.h6 gxh6 83.Bxh6 Re5  1-0

[Event "92nd ch-GBR"]
[Site "Douglas IOM"]
[Date "2005.08.02"]
[Round "2"]
[White "Morrison,G SCO"]
[Black "Tippleston,C"]
[Result "1-0"]
[WhiteElo "2322"]
[BlackElo "2203"]

1.d4 d5 2.c4 c6 3.Nf3 Nf6 4.Nc3 dxc4 5.a4 Bf5 6.e3 e6 7.Bxc4 Bb4 8.O-O O-O
9.Nh4 Nbd7 10.f3 Bg6 11.Nxg6 hxg6 12.e4 e5 13.Be3 Qe7 14.Qe2 exd4 15.Bxd4 Ne5
16.Kh1 Bc5 17.Bxc5 Qxc5 18.Ba2 Rfe8 19.f4 Ned7 20.e5 Qb4 21.Qc2 Ng4 22.Qxg6 Nh6
23.Qc2 Nc5 24.Rae1 Rad8 25.Ne4 Nxe4 26.Rxe4 Rd4 27.Rxd4 Qxd4 28.e6 fxe6 29.f5 Ng4
30.Bxe6+ Kf8 31.Qe2 Rd8 32.h3 Nf6 33.Re1 Re8 34.b3 Qh4 35.Qe5 Nh5 36.Qd6+ Qe7
37.Rd1 Nf6 38.Qf4 Qc5 39.b4 Qc2 40.Qd6+ Re7 41.Rd4 Qc3 42.Kh2 Qe1 43.Qb8+ Ne8
44.Qf4 Nf6 45.Rd8+ Ne8 46.Qd6 Qh4 47.Rxe8+  1-0

[Event "Open Dutch Championship"]
[Site "Dieren NED"]
[Date "2005.08.04"]
[Round "9"]
[White "Ikonnikov,Vy"]
[Black "Megaranto,S"]
[Result "1-0"]
[WhiteElo "2560"]
[BlackElo "2499"]

1.d4 d5 2.Nf3 Nf6 3.c4 c6 4.Nc3 dxc4 5.a4 Bf5 6.e3 e6 7.Bxc4 Bb4 8.O-O Nbd7
9.Qe2 O-O 10.e4 Bg4 11.Rd1 Re8 12.e5 Nd5 13.Ne4 Bh5 14.Bg5 Qa5 15.Bd2 Bxd2
16.Rxd2 N7b6 17.Rc2 Bg6 18.Nfd2 Qb4 19.b3 a5 20.Rcc1 Red8 21.h4 Ne7 22.Nd6 Nf5
23.N2e4 Nxd4 24.Qd1 Bxe4 25.Qxd4 Bd5 26.h5 h6 27.Rc3 c5 28.Qe3 Nc8 29.Bxd5 exd5
30.Nf5 Qg4 31.Qh3 Qxh3 32.gxh3 g6 33.Nxh6+ Kg7 34.Ng4 gxh5 35.Nf6 Ne7 36.Rxc5 Rac8
37.Rac1 Rc6 38.Nxh5+ Kg6 39.Ng3 Kg5 40.Kf1 Kf4 41.h4 Rxc5 42.Rxc5 Nc6 43.Ke2 Kxe5
44.Ke3 Re8 45.Rb5 Kd6+ 46.Kd2 Rb8 47.Nf5+ Ke6 48.Ne3 Rh8 49.Rxb7 Rxh4 50.Rb6 Kd7
51.Rb5 d4 52.Nc4 Rh3 53.Rd5+ Kc7 54.Rc5 Kb7 55.f3 Nb4 56.Nxa5+ Ka6 57.Nc4 Rh2+
58.Kd1 Rh1+ 59.Ke2 Rh2+ 60.Kf1 Nd3 61.Rf5 Rh1+ 62.Ke2 Nc1+ 63.Kd2 Nxb3+ 64.Kc2 Na1+
65.Kb2 d3 66.Rf6+ Kb7 67.Rxf7+ Kb8 68.a5 Nc2 69.a6 Ra1 70.Rb7+ Kc8 71.Nb6+ Kd8
72.a7 d2 73.Rd7+  1-0

[Event "ch-IRI Semi-Final"]
[Site "Tehran IRI"]
[Date "2005.08.04"]
[Round "2"]
[White "Afshari,M"]
[Black "Vahidi,M"]
[Result "1-0"]
[WhiteElo "2226"]
[BlackElo "2222"]

1.Nf3 d5 2.d4 Nf6 3.c4 c6 4.Nc3 dxc4 5.a4 Bf5 6.Ne5 e6 7.e3 Nh5 8.e4 Qh4
9.g3 Nxg3 10.hxg3 Qxh1 11.exf5 Bd6 12.Ne4 Bc7 13.f6 g6 14.Bd2 Na6 15.Qe2 Qh5
16.O-O-O Bxe5 17.dxe5 Qxe5 18.Bf4 Qh5 19.g4 Qh4 20.Bg5 Qh1 21.Nd6+ Kf8 22.Qe3 h6
23.Bf4 Qh4 24.Nxf7 Qxf6 25.Nxh8  1-0

[Event "Stork YM"]
[Site "Hengelo NED"]
[Date "2005.08.08"]
[Round "2"]
[White "Sharevich,A"]
[Black "Bensdorp,M"]
[Result "1/2-1/2"]
[WhiteElo "2325"]
[BlackElo "2225"]

1.d4 c6 2.Nf3 d5 3.c4 Nf6 4.Nc3 dxc4 5.a4 Bf5 6.e3 e6 7.Bxc4 Bb4 8.O-O O-O
9.Qb3 Qe7 10.Nh4 Bg6 11.Nxg6 hxg6 12.f3 a5 13.e4 e5 14.Be3 Nbd7 15.Rad1 Rad8
16.d5 Bc5 17.Bf2 Bxf2+ 18.Rxf2 Qc5 19.Bf1 Nb6 20.d6 Ne8 21.Qa3 Nxd6 22.f4 Nbc8  1/2-1/2

[Event "FSGM August"]
[Site "Budapest HUN"]
[Date "2005.08.09"]
[Round "4"]
[White "Erdos,V"]
[Black "Hoang Thanh Trang"]
[Result "1-0"]
[WhiteElo "2499"]
[BlackElo "2476"]

1.d4 d5 2.Nf3 Nf6 3.c4 c6 4.Nc3 dxc4 5.a4 Bf5 6.Nh4 Bc8 7.Nf3 Bf5 8.Nh4 Bc8
9.e3 e5 10.Bxc4 exd4 11.exd4 Be7 12.O-O O-O 13.Re1 Ne8 14.Nf3 Nd6 15.Bb3 Bg4
16.h3 Bxf3 17.Qxf3 Nd7 18.Bf4 Nf6 19.g4 Qd7 20.Re2 Rfd8 21.Rae1 Bf8 22.Be5 Nfe8
23.Ne4 Nxe4 24.Rxe4 Nd6 25.Rf4 Rac8 26.Bxd6 Qxd6 27.Rxf7 Kh8 28.Bc2 Re8 29.Re4 Rcd8
30.Kg2 Rb8 31.Rxe8 Rxe8 32.Rxb7 Qxd4 33.Qf5 Qd5+ 34.Qxd5 cxd5 35.Rxa7 Bc5
36.Ra5 Bd4 37.Rxd5 Bxb2 38.a5 g6 39.a6 Re7 40.Rd8+ Kg7 41.g5 Ba3 42.Rb8 Bd6
43.Rb6 Bc5 44.Rb5 Ba7 45.h4 Kf7 46.Bb3+ Kf8 47.Rb7 Rxb7 48.axb7 Ke7 49.Kf3 Bb8
50.Ke4 Bh2 51.f4  1-0